000 00330nam a2200133Ia 4500
008 240624s9999 xx 000 0 und d
041 _aeng
082 _a659.1 BIR
100 _aBIRD POLLY
245 _aMARKET RESEARCH IN A WEEK
260 _c2003
_aLondon
_bHodder & Stoughton
300 _a92 : p. : cm. ; 20
365 _cRS
_b33
999 _c11654
_d11654